000 00826nam a22002657a 4500
003 0
005 20180803162538.0
008 0
010 _aB-110485
020 _c695.00
_a817824022
020 _c695.00
_a9788178240220
035 _aB-110485, B-110486, B-110489
037 _bCen Lib/ Ret
040 _aDPL
_bEN
_c0
082 _a331.09
_bJOS
100 _aJoshi, Chitra
_919506
245 _aLost worlds :
_cby Chitra Joshi
_bindian labour and its forgotten histories /
260 _aDelhi
_bPermanent Black
_c2003
270 _aD-28, Oxford Aartments, 11, I.P. Extension
_bDelhi
_e110092
300 _axiv,359p. :
_c21cm(Hb)
_bill.
500 _aIncludes bibliographical references and index.
650 _aMigration, Internal
_919507
650 _aLabor
_987465
942 _2ddc
_cEN
_h331.09
_mJOS
999 _c127134
_d127134